| 000 -CABECERA |
| Campo de control de longitud fija |
00928nam a22001937a 4500 |
| 005 - FECHA Y HORA DE LA ÚLTIMA TRANSACCIÓN |
| Campo de control |
20240619101146.0 |
| 008 - CAMPO FIJO DE DESCRIPCIÓN FIJA--INFORMACIÓN GENERAL |
| Campo de control de longitud fija |
230717b ||||| |||| 00| 0 eng d |
| 040 ## - FUENTE DE CATALOGACIÓN |
| Agencia de catalogación original |
CDMR |
| 110 ## - ENCABEZAMIENTO PRINCIPAL--NOMBRE CORPORATIVO |
| 9 (RLIN) |
4954 |
| Nombre corporativo o de jurisdicción como elemento de entrada |
Fundación HelpAge International España |
| 245 ## - MENCIÓN DE TÍTULO |
| Título |
Guia per a una comunicació lliure d’edatisme vers les persones grans |
| Mención de responsabilidad, etc. |
/ document elaborat per: Fundación HelpAge International España ; escrit per: Elena Molina Núnez, Ana Belén Fernández Souto, Irene Ramos Soler ; amb al col·laboració del Col·legi de Periodistes de Catalunya, SomSeniors |
| 260 ## - PUBLICACIÓN, DISTRIBUCIÓN, ETC (PIE DE IMPRENTA) |
| Lugar de publicación, distribución, etc. |
Madrid : |
| Nombre del editor, distribuidor, etc. |
Fundación HelpAge International España, |
| Fecha de publicación, distribución, etc. |
2023 |
| 300 ## - DESCRIPCIÓN FÍSICA |
| Extensión |
38 pàgines |
| 650 #0 - ASIENTO SECUNDARIO DE MATERIA--TÉRMINO DE MATERIA |
| 9 (RLIN) |
4942 |
| Nombre de materia o nombre geográfico como elemento de entrada |
Edatisme |
| 650 #0 - ASIENTO SECUNDARIO DE MATERIA--TÉRMINO DE MATERIA |
| 9 (RLIN) |
4943 |
| Nombre de materia o nombre geográfico como elemento de entrada |
Discriminació per l'edat |
| 650 #0 - ASIENTO SECUNDARIO DE MATERIA--TÉRMINO DE MATERIA |
| 9 (RLIN) |
983 |
| Nombre de materia o nombre geográfico como elemento de entrada |
Ètica periodística |
| Subdivisión de forma |
Manuals d'estil |
| 700 ## - ENCABEZAMIENTO SECUNDARIO--NOMBRE PERSONAL |
| 9 (RLIN) |
4955 |
| Nombre de persona |
Molina Núñez, Elena |
| 856 ## - ACCESO ELECTRÓNICO |
| Nota Pública |
Accés en línia |
| Identificador uniforme del recurso URI |
<a href="https://omeka.periodistes.cat/items/show/713">https://omeka.periodistes.cat/items/show/713</a> |
| 942 ## - ELEMENTOS KOHA |
| Fuente de clasificación o esquema de ordenación en estanterías |
|
| Koha tipo de item |
Fullets |